Guess 8 welsh footballers by image - Statistics

General Stats
  • This quiz has been taken 138 times
  • The average score is 6 of 8
Answer Stats
Picture Answer % Correct
Gareth Bale
100%
Aaron Ramsey
90%
Ryan Giggs
84%
Ben Davies
77%
Daniel James
71%
Joe Allen
65%
Wayne Hennessey
65%
John Charles
38%
No matching quizzes found
Score Distribution
Percent of People with Each Score
Percentile by Number Answered
Your Score History
You have not taken this quiz